University Home | Library Home | Institutional Repository

Scientists and amateurs : (Record no. 97392)

MARC details
000 -LEADER
fixed length control field 00646cam4a220020500 4500
001 - CONTROL NUMBER
control field tmp15358531
003 - CONTROL NUMBER IDENTIFIER
control field UPRA
005 - DATE AND TIME OF LATEST TRANSACTION
control field 20190819092815.0
008 - FIXED-LENGTH DATA ELEMENTS--GENERAL INFORMATION
fixed length control field 950801s1961 nyu eng u
035 ## - SYSTEM CONTROL NUMBER
System control number (Sirsi) r85756
035 ## - SYSTEM CONTROL NUMBER
System control number (UPRA)tmp15358531
040 ## - CATALOGING SOURCE
Transcribing agency UPRA
100 1# - MAIN ENTRY--PERSONAL NAME
Personal name Stimson, Dorothy, 1890-
Dates associated with a name Stimson, Dorothy, 1890-
Linkage A45140.1
245 10 - TITLE STATEMENT
Title Scientists and amateurs :
Remainder of title a history of the Royal Society.
260 ## - PUBLICATION, DISTRIBUTION, ETC.
Place of publication, distribution, etc. New York :
Name of publisher, distributor, etc. H. Schuman,
Date of publication, distribution, etc. [1961]
500 ## - GENERAL NOTE
General note First published in 1948.
610 20 - SUBJECT ADDED ENTRY--CORPORATE NAME
Corporate name or jurisdiction name as entry element Royal Society (Great Britain)
Linkage S35247.1
949 ## - LOCAL PROCESSING INFORMATION (OCLC)
a Q41
w lcc
i 33729000331699
m MAIN
p 2500
t BOOK
l ON-SHELF

No items available.

© 2026 - The University of Zambia Library - Koha v25.11